00290nam a2200133Ia 4500003000400000005001700004008004100021020001900062040000900081100001400090245003200104260001100136260000900147OSt20240123095634.0170524s9999 xx 000 0 und d a978-9350716595 cIIMT aSINGHANIA 0aStudent Guide To Income Tax bTaxman c1998